000 00628nam a2200265Ia 4500
005 20260401122405.0
008 008 250103s9999 xx 000 0 eng d
037 _aTB
040 _aEDL
040 _beng
040 _cEDL
041 _2eng
041 _aeng
084 _a909.703 FRE RR
084 _qEDL
245 0 _aEncyclopedia of the Age of Political Revolutions and New Ideologies, 1760-1815
260 _aWestport
260 _bGreenwood Press
260 _c2007
300 _a867p
942 _cTB
942 _h909.703 FRE RR
999 _c1846966
_d1846966